Quizzes
Events
Quiz Creation
Community
Videos
Private Events
Remove Ads
Sign In
Join for FREE
Feedback
Dark Mode
Quiz Categories
Sports
Geography
Music
Movies
Television
Just For Fun
Miscellaneous
History
Literature
Language
Science
Gaming
Entertainment
Religion
Holiday
For Kids
Quiz Lab
Recent
Popular Today
Quiz Kudos Today
Editor Picks
Curator Picks
Quizzes by...
Day
Popularity
Type
Ratings
Length
Year
Community
Subscriptions
Recent Discussions
Orange Saloon
Badges
Playlists
Quests
Create
Leaderboards
Showdown
Live 5
Trivia Bingo
Activity
Puzzle Library
Sporcle Events
Private Events
Virtual Trivia
Globe League
Become a Host
Pub Owners
SporcleCon
Opinionation
Our Games
Videos
Blog
Mobile Apps
Partnerships
Remove Ads and Go Orange
Feedback
Music
Pop Music
The Beatles
Song
Album
Lyrics
Bands
Singers
Artist
Clip
Rock
Rap
Classical
Billboard
Country Music
Kpop
Taylor Swift
Music
Pop Music
The Beatles
Song
Album
Lyrics
Bands
Singers
Artist
Clip
Rock
Rap
Classical
Billboard
Country Music
Kpop
Taylor Swift
Random Quiz
Search Sporcle
×
Quiz Lab
Quiz Lab
Music
Singers
Type in answers that appear in a list
Type in answers that appear in a list
Classic
Best Score? Go Orange.
Les Miserables Songs Stats
Can you name the Les Miserables Songs?
By
waggles
5m
32 Questions
1,257 Plays
1,257 Plays
1,257 Plays
Comments
Comments
Give Quiz Kudos
Give Quiz Kudos
-
- Ratings
hide this ad
Replay
Link that replays current quiz
Next Quiz
Link to next quiz in quiz playlist
You Got
0%
They Got
Avg Score
62%
Avg Friend Score
Upgrade to see
Score Distribution
Jump to the score distribution portion of the page
Score
0/32
Timer
05:00
0
Plays Today
Singer
Song Title
% Correct
Fantine
I Dreamed a Dream
91.2%
Thenardier
Master of the House
90.4%
Eponine
On My Own
87.1%
Cosette
Castle on a Cloud
85.9%
Javert
Stars
85.9%
Company
Look Down
85.6%
Students
Do You Hear the People Sing?
82.9%
Students
Red and Black
82.6%
Company
One Day More
80.7%
Company
At The End of the Day
76.7%
Valjean
Who Am I?
76.6%
Cosette/
Marius/
Eponine
A Heart Full of Love
74%
Marius
Empty Chairs at Empty Tables
73.9%
Eponine/
Marius
Little Fall of Rain
71.6%
Valjean
Bring Him Home
71.3%
Company
Lovely Ladies
71.2%
Singer
Song Title
% Correct
Javert/
Valjean
Confrontation
69.6%
Javert
Javert's Suicide
67.7%
Grantaire/
Students
Drink With Me
60.8%
Valjean/
Cosette/
Marius/
Eponine
In My Life
58.4%
Fantine
Come to Me
46.1%
Thenardiers/
Valjean
Waltz of Treachery
44.6%
Valjean
What Have I Done
44.1%
Company
Finale
43.7%
Company
Turning
41.7%
Thenardier
Dog Eats Dog
39.7%
Thenardier's Gang
Attack on Rue Plumet
39.3%
Company/
Javert/
Valjean
The Work Song
35.7%
Bishop/
Constables
Valjean Arrested/Valjean Forgiven
35.6%
Students
Upon These Stones
34.7%
Thenardier
Beggar at the Feast
32.6%
Students
First Attack
23.6%
Quiz Playlist
Details
Report
Send in Message
Add To Playlist
Classic:
Type in answers that appear in a list
Quiz Source
Last Updated: Feb 14, 2018
Quiz Scoreboard
CHALLENGE
Sign Up to Join the Scoreboard
Show All
Scores
Hide
Comments
May contain spoilers
Recently Published
9x9 Crossword: Cartoon Network
by jackfrog10
Miscellaneous
3m
College Basketball Coaching Resumes
by pancakes188
Sports
9m
Billboard Blitz: Fleetwood Mac
by CooCooCachoo
Music
15s
More to Explore
Quiz From the Vault
Featured Blog Post
Where Did the Easter Bunny Come From?
hide this ad
You Might Also Like...
Tags
Singers Quiz
Song Quiz
les
Les Misérables
Miserable
Today's Top Quizzes in Music
Browse Music
hide this ad
Today's Top Quizzes in Singers
Browse Singers
Top Contributed Quizzes in Music
1
Taylor Swift All Songs (2024)
2
Guess the Artist- 70s Songs
3
7-to-1: Billboard Hot 100 #1 Hits of 2010s
4
Sorting Albums and Songs
5
Taylor Swift Logic Puzzle
6
KPOP LOGIC QUIZ
7
Guess the Taylor Swift song (Mystery Song)
8
One Thing in Common: Music
9
2010s Album by Cover III
10
Guess The Taylor Swift Lyrics Song #1
Explore More
Trending Topics
Disney
NBA
Harry Potter
Kpop
Marvel
Anime
Crossword
Soccer
The Office
NFL
Pokémon
Song
Puzzle
Country
WWE
hide this ad
More By:
waggles
Quiz
Plays
Rating
Category
Featured
Created
Disney FMLs
21,811
4.38
Movies
Aug 27, 2010
South Park Trivia A-Z
2,828
4.27
Television
Jun 12, 2010
James Bond Titles Said in Movie
2,583
4.77
Movies
Jun 15, 2020
NFL All-Decade Teams
1,762
4.20
Sports
Aug 26, 2010
Les Miserables Songs
1,257
4.00
Music
Nov 26, 2009
Go to Creator's Profile
Score Distribution
Quiz Creator Spotlight
waggles
Follow
Send a Message
Quizzes Created
-
Created Quiz Play Count
-
More By This Creator
Popular Quizzes Today
1
Find the US States - No Outlines Minefield
2
Find the Countries of Europe - No Outlines Minefield
3
The Countries of the World
4
Find the US States
5
Risky Map Clicking: Biggest States A-Z
6
US States
7
Popular People in 1961
8
Movies - When Are They Set?
More Music Quizzes
Song Title Trios
Published
Trending Quizzes
Risky Map Clicking: Least Populous States A-Z
1-10 Letter G Words
1-10 Letter F Words
Risky Map Clicking: Next State Alphabetically
Adjectives in 80s TV Shows
Recently Updated
Leaping Animals
pecheneg
Reality TV Shows (A-Z)
bhenderson79
Rickey Henderson's Hall of Fame Teammates
pecheneg
Champions League XIs: Arsenal
pecheneg
Quick Pick: Celebrities in WWE's Hall of Fame
aduchscher
A-Z Keypad Blitz II
pecheneg
Multiple Oscar Actors
pecheneg
Mystery Phrase Blitz: Oscar 'Best Actors'
pecheneg
F. Scott Fitzgerald Novels
LTH
Pick 3 Villains
ddd62291
Trending Topics
Kpop
Crossword
NBA
Marvel
Harry Potter
Disney
Anime
Country
Soccer
Song
Puzzle
WWE
The Office
Pokémon
NFL
Your Account Isn't Verified!
In order to create a playlist on Sporcle, you need to verify the email address you used during registration. Go to your
Sporcle Settings
to finish the process.
Report this User
Report this user for behavior that violates our
Community Guidelines
.
Details:
Send Report
Go to the Sporcle.com Mobile Site →
Comments